Informe UNE UNE-ISO/TR 18492 IN : Conservación a largo plazo de la información basada en documentos Conservación a largo plazo de la información basada en documentos
Descripción Física:
1 fitxer pdf (23 p.)
Idioma:
Español
MARC
| LEADER | 00000nam a22000007a 4500 | ||
|---|---|---|---|
| 001 | 25114 | ||
| 005 | 20260324180725.0 | ||
| 007 | cr ||||||||||| | ||
| 008 | 101008s2008 sp |||| ||||| | spa|c | ||
| 035 | |a (ES-BaCBU).b62646400 | ||
| 035 | |a 75658 | ||
| 040 | |a ES-BaCBU |b cat |c ES-BaCBU | ||
| 245 | 0 | 0 | |a Informe UNE UNE-ISO/TR 18492 IN : |b Conservación a largo plazo de la información basada en documentos |h [Recurs electrònic] |
| 260 | |a Madrid : |b AENOR, |c 2008 | ||
| 300 | |a 1 fitxer pdf (23 p.) | ||
| 651 | 4 | |a Espanya |9 51008 | |
| 653 | |a Documentació | ||
| 653 | |a Gestió de documents | ||
| 653 | |a Arxiu digital | ||
| 655 | 4 | |a Documents electrònics | |
| 710 | |a Asociación Española de Normalización |9 59481 | ||
| 907 | |a .b62646400 |b 22-01-21 |c 17-12-14 |d 17-12-14 |e m |f z |g - |h spa |i sp |j 0 |k 1 | ||
| 908 | |a BPC | ||
| 942 | |c ARXIU |n 1 | ||
| 952 | |0 0 |1 0 |4 0 |6 BIB387 |7 1 |9 60939 |a Arxiu |b Arxiu |d 2021-12-29 |l 0 |o Bib-387 |p 25114 |r 2021-12-29 00:00:00 |w 2021-12-29 |y ARXIU | ||
| 999 | |c 81064 |d 81064 | ||